Fungicidas, biocontroladores e inductores de resistencia en híbridos comerciales de pimiento morrón (Capsicum annuum L.) inoculados con Phytophthora capsici Leo. / (Record no. 218432)
[ view plain ]
| 000 -CABECERA | |
|---|---|
| campo de control de longitud fija | 01328nam a22002897a 4500 |
| 003 - IDENTIFICADOR DEL NÚMERO DE CONTROL | |
| campo de control | OSt |
| 005 - FECHA Y HORA DE LA ÚLTIMA TRANSACCIÓN | |
| campo de control | 20240904084001.0 |
| 007 - CAMPO FIJO DE DESCRIPCIÓN FÍSICA--INFORMACIÓN GENERAL | |
| campo de control de longitud fija | cr ||||||a|c|a |
| 008 - DATOS DE LONGITUD FIJA--INFORMACIÓN GENERAL | |
| campo de control de longitud fija | 230223s2020 mx a|||fom||| 001 0 spa d |
| 040 ## - FUENTE DE LA CATALOGACIÓN | |
| Normas de descripción | rda |
| 100 1# - ENTRADA PRINCIPAL--NOMBRE DE PERSONA | |
| 9 (RLIN) | 48469 |
| Nombre de persona | Godínez Paoli, Rafael |
| 245 1# - MENCIÓN DE TÍTULO | |
| Título | Fungicidas, biocontroladores e inductores de resistencia en híbridos comerciales de pimiento morrón (Capsicum annuum L.) inoculados con Phytophthora capsici Leo. / |
| Mención de responsabilidad, etc. | por Rafael Godínez Paoli; director de tesis María Teresa Martínez Damián. |
| 264 #1 - PRODUCCIÓN, PUBLICACIÓN, DISTRIBUCIÓN, FABRICACIÓN Y COPYRIGHT | |
| Producción, publicación, distribución, fabricación y copyright | Chapingo, México : |
| Nombre del de productor, editor, distribuidor, fabricante | El autor, |
| Fecha de producción, publicación, distribución, fabricación o copyright | 2020. |
| 300 ## - DESCRIPCIÓN FÍSICA | |
| Extensión | 1 recurso en línea (49 páginas). |
| Otras características físicas | cuadros, figuras. |
| 336 ## - TIPO DE CONTENIDO | |
| Fuente | rdacontent |
| Término de tipo de contenido | texto |
| Código de tipo de contenido | txt |
| 337 ## - TIPO DE MEDIO | |
| Fuente | rdamedia |
| Nombre/término del tipo de medio | computadora |
| Código del tipo de medio | c |
| 338 ## - TIPO DE SOPORTE | |
| Fuente | rdacarrier |
| Nombre/término del tipo de soporte | recurso en línea |
| Código del tipo de soporte | cr |
| 502 ## - NOTA DE TESIS | |
| Tipo de título | Doctorado en Ciencias en Horticultura |
| Nombre de la institución que otorga el título | Departamento de Enseñanza, Investigación y Servicio en Fitotecnia, |
| Año de obtención del título | 2020. |
| Información miscelánea | Doctorado |
| 504 ## - NOTA DE BIBLIOGRAFÍA, ETC. | |
| Nota de bibliografía, etc. | Incluye referencias bibliográficas: páginas 33-39. |
| 650 #2 - PUNTO DE ACCESO ADICIONAL DE MATERIA--TÉRMINO DE MATERIA | |
| 9 (RLIN) | 133269 |
| Término de materia o nombre geográfico como elemento de entrada | Chile pimiento |
| Subdivisión general | Enfermedades por hongos |
| 650 #2 - PUNTO DE ACCESO ADICIONAL DE MATERIA--TÉRMINO DE MATERIA | |
| 9 (RLIN) | 22479 |
| Término de materia o nombre geográfico como elemento de entrada | Chile pimiento |
| Subdivisión general | Genética |
| 650 #2 - PUNTO DE ACCESO ADICIONAL DE MATERIA--TÉRMINO DE MATERIA | |
| 9 (RLIN) | 22482 |
| Término de materia o nombre geográfico como elemento de entrada | Chile pimiento |
| Subdivisión general | Mejoramiento |
| 650 #2 - PUNTO DE ACCESO ADICIONAL DE MATERIA--TÉRMINO DE MATERIA | |
| 9 (RLIN) | 129457 |
| Término de materia o nombre geográfico como elemento de entrada | Hongos fitopatógenos |
| Subdivisión general | Control |
| 700 1# - PUNTO DE ACCESO ADICIONAL--NOMBRE DE PERSONA | |
| Nombre de persona | Martínez Damián, María Teresa |
| Término indicativo de función/relación | Director de tesis. |
| 9 (RLIN) | 71962 |
| 856 ## - LOCALIZACIÓN Y ACCESO ELECTRÓNICOS | |
| Identificador Uniforme del Recurso | http://10.13.5.2/tesis/td/2020_FI_Godinez_Paoli_Rafael.pdf |
| Nota pública | DESCARGAR PDF |
| 942 ## - ELEMENTOS DE PUNTO DE ACCESO ADICIONAL (KOHA) | |
| Fuente del sistema de clasificación o colocación | Clasificación Universidad Autónoma Chapingo |
| Tipo de ítem Koha | Tesis digital |
| Estado de retiro | Estado de pérdida | Fuente del sistema de clasificación o colocación | Estado dañado | Restricciones de uso | No para préstamo | Código de colección | Localización permanente | Ubicación/localización actual | Ubicación en estantería | Fecha de adquisición | Total de préstamos | Signatura topográfica completa | Fecha visto por última vez | Precio válido a partir de | Tipo de ítem Koha |
|---|---|---|---|---|---|---|---|---|---|---|---|---|---|---|---|
| Clasificación Universidad Autónoma de Chapingo | Préstamo interno | Tesis digitales de Doctorado | Biblioteca Digital | Biblioteca Digital | En línea | 23/02/2023 | Tesis digital | 23/02/2023 | 23/02/2023 | Tesis digital |
